| 000 | 02759cam a22005174i 4500 | ||
|---|---|---|---|
| 003 | PE-LiUPU | ||
| 005 | 20250731173307.0 | ||
| 008 | 150625s2004 miu r 000 0 spa d | ||
| 020 | _a1558834109 | ||
| 035 | _a(Sirsi) i9781558834101 | ||
| 040 |
_aPE-LiUPU _bspa _cPE-LiUPU _erda |
||
| 049 | _aPRUA | ||
| 082 | 0 | 4 |
_a266.001 _bG81V _221 |
| 100 | 1 |
_aGreenway, Roger S., _eautor. |
|
| 245 | 1 | 1 |
_a¡Vayan y hagan discípulos! / _cRoger S. Geenway. |
| 264 | 1 |
_aMichigan : _bLibros Desafío, _c2004. |
|
| 300 |
_a204 páginas ; _c23 centímetros |
||
| 336 |
_atext _2rdacontent |
||
| 337 |
_aunmediated _2rdamedia |
||
| 338 |
_avolume _2rdacarrier |
||
| 500 | _aContiene Índice de citas bíblicas. | ||
| 504 | _aIncluye referencias bibliográficas. | ||
| 505 | 0 | _aEl mundo al que Cristo nos envía: Cambios a nivel mundial -- Los misioneros, colaboradores de Dios -- La motivación para las misiones -- Fundamentos bíblicos para las misiones: El Antiguo Testamento, base de las misiones -- Las misiones en los cuatro Evangelios -- El Espiritu Santo y las misiones -- Los métodos misioneros del apóstol Pablo -- El evangelio frente a otras religiones -- El carácter único y definitivo de Jesucristo -- Temas en la misión: El desarrollo del liderazgo, para el crecimiento de la iglesia -- El desafío de las ciudades -- Las misiones incluyen palabra y obras -- Los pastores, el evangelismo y las misiones -- El sostén financiero para las misiones -- Preparándose para ser un misionero. | |
| 526 | _aSEG42 | ||
| 526 | _aSEG41 | ||
| 526 | _aSEG40 | ||
| 526 | _aSEG39 | ||
| 526 | _aP94 | ||
| 526 | _aP87 | ||
| 526 | _aP86 | ||
| 526 | _aP85 | ||
| 526 | _aP77 | ||
| 526 | _aP76 | ||
| 526 | _aP35 | ||
| 541 | _g003-0003441; | ||
| 541 | _g001-0000044; | ||
| 650 | 0 | 4 |
_aDiscipulado _xEnseñanza bíblica. |
| 650 | 0 | 4 |
_aMisión de la Iglesia _xTeoría. |
| 942 |
_2ddc _cBOOK |
||
| 949 |
_a266.001 G81V _wDEWEY _c1 _i57669 _d2016-5-26 _e2016-5-23 _lCCODEBUL1 _mBUL _n2 _p11.00 _r0 _sY _tBOOK _u2015-6-25 _xTEOLOGIA _zUNKNOWN _0COMPRA _o.STAFF. Colección Teología |
||
| 949 |
_a266.001 G81V _wDEWEY _c2 _i55984 _lCCODEBUL1 _mBUL _p11.00 _r0 _sY _tBOOK _u2015-6-25 _xTEOLOGIA _zUNKNOWN _0COMPRA _o.STAFF. Colección Teología |
||
| 994 |
_aC0 _bPEPRU |
||
| 596 | _a1 | ||
| 999 |
_a266.001 G81V _wDEWEY _c44819 _i57669 _d44819 _e2016-5-23 _f2021-11-10 _g5 _lCCODEBUL1 _mBUL _n2 _p11.00 _q2 _r0 _sY _tBOOK _u2015-6-25 _xTEOLOGIA _PP35 _0COMPRA _o.STAFF. Colección Teología |
||
| 999 |
_a266.001 G81V _wDEWEY _c2 _i55984 _d2019-5-29 _e2019-5-28 _f2021-11-10 _g5 _lCCODEBUL1 _mBUL _n1 _p6.00 _q2 _r0 _sY _tBOOK _u2015-6-25 _xTEOLOGIA _zUNKNOWN _0COMPRA _o.STAFF. Colección General |
||
| 980 |
_81 _gALBERTO SANCHEZ Responsable de Automatización |
||